|
|
|
|
| LEADER |
00628cam a2200193 7i4500 |
| 001 |
0000022581 |
| 005 |
20090421090000.0 |
| 020 |
0 |
0 |
|a 978-0-8213-7283-8
|
| 090 |
0 |
0 |
|a AFRI 330.96
|b WOR
|
| 110 |
2 |
0 |
|a The World Bank
|
| 245 |
2 |
0 |
|a African development indicators 2007.
|
| 260 |
0 |
0 |
|a Washington, D.C:
|b World Bank,
|c 2007.
|
| 300 |
# |
# |
|a 410 p.
|
| 650 |
0 |
0 |
|a Economic indicators --
|z Africa
|
| 650 |
0 |
0 |
|a Africa --
|x Economic conditions --
|x Statistics
|
| 650 |
0 |
0 |
|a Africa --
|x Social conditions --
|x Statistics
|
| 650 |
0 |
0 |
|a Social indicators --
|z Africa
|
| 651 |
0 |
0 |
|a Africa
|
| 999 |
|
|
|a 0000022880
|b Book
|c Regions
|e Business Information Centre
|